1735 1610 1051 1123 1196 1723 1982 1210 1792 1389 1717 1419 1891 1398 1028 1518 1703 1962 1811 1734 1508 1948 1624 1993 1381 1304 1208 1517 1080 1881 1041 1874 1526 1500 1920 1343 1689 1917 1449 1728 1291 1930 1756 1597 1362 1946 1877 1148 1654 1740 1881 1001 1374 1882 1828 1654 1642 1617 1029 1234 1693 1795 1999 1972 1590 1226 1794 1040 1146 1992 1532 1091 1228 1572 1923 1648 1986 1184 1385 1637 1868 1446 1090 1831 1410 1209 1467 1116 1010 1953 1493 1549 1043 1462 1891 1404 1962 1420 1337 BCNSPRNW ULIB Ver.6.0+V

เปลี่ยนเป็นภาษาไทย

Change to English
 แสดงรายละเอียดบรรณานุกรม
  กลับหน้าหลัก

Brief Record : Get Marc (ISO 2709) : E-mail record : QR code < ปิดหน้าต่าง
LEADER : 00000nam 2200000uu 4500
001    13399126852
003     ULIB
008    020711s|||| th a 000 0 tha d
060    วจ^aWY152^bม189ก
100    ^aมยุรี บุญทัด
245    ^aการพัฒนารูปแบบพฤติกรรมส่งเสริมสุขภาพผู้สูงอายุโรคความดันโลหิตสูงในชุมชนชนบทแห่งหนึ่ง จังหวัดชัยนาท : Development of Health Promotion Behaviors Model of Older people with Hypertension in a Rural community, Chainat
260    ^aชัยนาท :^bกลุ่มวิชาการ วิทยาลัยพยาบาลบรมราชชนนี ชัยนาท,^cม.ป.ป.
650    ^aผู้สูงอายุ^xโรคความดันโลหิตสูง
945    ^p0^l0^i005511
999    ^aประนอม เกษจรัล
รายการนี้ยังไม่มีแท็ก
คุณยังไม่ได้ล็อกอิน คุณสามารถมีกิจกรรมร่วมกับเว็บไซต์ได้ แต่ต้องล็อกอินก่อน ::
  ล็อกอิน

รายการสื่อสารสนเทศ

ลำดับที่ ประเภท เลขเรียก/บาร์โค้ด สถานที่ สถานะ
1. Book การพยาบาล
Book การพยาบาล
วจ WY152 ม189ก ฉ.1 
  Barcode: 005511
ห้องสมุดวิทยาเขตสวรรค์ประชารักษ์
►หนังสือทั่วไป
บนชั้น

BibComment


ยังไม่เคยถูกคอมเมนท์

คอมเมนท์ทรัพยากรรายการนี้
  คอมเมนท์: การพัฒนารูปแบบพฤ..


 Copyright 2026. Bcnsprnw @Library